000 01031nam0a22002531 4500
001 rc\4246163
005 20130416113357.5
021 _aRU
_b[68-86517]
035 _a(NLR Aleph) 008232376
090 _a8224962
_c8224962
100 _a20130416d1968 |||y0rusy50 ca
101 0 _arus
102 _aRU
105 _aa z |||||
200 1 _aОсновы коренного совершенствования и создание шахтных буровых машин
_eДоклад о содержании выполн. и опубл. работ. на соискание учен. степени канд. техн. наук
_e(172)
_fКриворож. горнорудный ин-т
210 _aКривой Рог
_cБ. и.
_d1968
215 _a37 с.
_cчерт.
320 _aСписок работ авт.: с. 36-37 (19 назв.)
700 1 _aБабенко
_bС. Ф.
_gСергей Федорович
801 0 _aRU
_bNLR
_gpsbo
801 1 _aRU
_bELAR
_2rusmarc
852 _aNLR
_j68-4/23949
942 _cBOOK
980 _aNB